Memoria sobre la organización, métodos y programas de la Enseñanza Secundaria (accesoria) especial (enseignement secondaire spècial) en Francia / (Record no. 47636)

MARC details
000 -LEADER
campo de control de longitud fija 00675nam a2200181 i 4500
001 - NÚMERO DE CONTROL
campo de control 47636
003 - IDENTIFICADOR DE NÚMERO DE CONTROL
campo de control ES-MaACL
005 - FECHA Y HORA DE LA ÚLTIMA TRANSACCIÓN
campo de control 20230906161613.0
007 - CAMPO FIJO DE DESCRIPCIÓN FÍSICA--INFORMACIÓN GENERAL
campo de control de longitud fija t|
008 - DATOS DE LONGITUD FIJA--INFORMACIÓN GENERAL
campo de control de longitud fija 030509s1878 sp ||||1| spa d
100 1# - ENTRADA PRINCIPAL--NOMBRE DE PERSONA
Nombre de persona Coral, Carlos del.
9 (RLIN) 40443
245 10 - MENCIÓN DEL TÍTULO
Título Memoria sobre la organización, métodos y programas de la Enseñanza Secundaria (accesoria) especial (enseignement secondaire spècial) en Francia /
Mención de responsabilidad, etc. por Carlos del Coral.
260 ## - PUBLICACIÓN, DISTRIBUCIÓN, ETC.
Lugar de publicación, distribución, etc. Gerona :
Nombre del editor, distribuidor, etc. [s.n.],
Fecha de publicación, distribución, etc. [1879?] (
Fabricante Impr. del Hospicio Provincial)
300 ## - DESCRIPCIÓN FÍSICA
Extensión 27, [4] p. ;
Dimensiones 26 cm.
500 ## - NOTA GENERAL
Nota general Fecha en prelim.: 1879.
650 #4 - PUNTO DE ACCESO ADICIONAL DE MATERIA--TÉRMINO DE MATERIA
Término de materia o nombre geográfico como elemento de entrada Enseñanza secundaria-
Subdivisión geográfica Francia.
9 (RLIN) 135996
852 ## - LOCALIZACIÓN
Ubicación ES-MaACL
Número de control de estantería T-386-F-11
Holdings
Estatus retirado Estado de pérdida Estado de daño No para préstamo Colección Biblioteca de origen Biblioteca actual Ubicación en estantería Fecha de adquisición Fuente de adquisición Total de préstamos Signatura topográfica completa Código de barras Visto por última vez Precio de reemplazo Tipo de ítem Koha
        Colección de folletos Biblioteca del Ateneo de Madrid Biblioteca del Ateneo de Madrid Depósito folletos 17/01/2008     T-386-F-11 1050120 23/02/2023 23/02/2023 Folleto